Die "einfachen Heilmittel" aus dem "Handbuch der Chirurgie" des Ibn al-Quff
محفوظ في:
المؤلف الرئيسي:
مؤلفون آخرون:
التنسيق: كتاب
اللغة: Undetermined
منشور في:
German
1967
الموضوعات:
الوسوم: إضافة وسم
لا توجد وسوم, كن أول من يضع وسما على هذه التسجيلة!
رقم الطلب:
| LEADER | 00466nam a2200145Ia 4500 | ||
|---|---|---|---|
| 008 | 240503s9999||||xx |||||||||||||| ||und|| | ||
| 100 | 1 | |a Heidi Gesela Kircher | |
| 245 | 1 | 0 | |a Die "einfachen Heilmittel" aus dem "Handbuch der Chirurgie" des Ibn al-Quff |
| 264 | 1 | |a German |c 1967 | |
| 300 | |a 385 |c 21 | ||
| 500 | |a Inaug.-Diss. - Bonn | ||
| 650 | 4 | |a Ibn al-Quff, Abu al-Faraj ibn Ya' qub, 1233-1286 | |
| 700 | 1 | |a Yaʿqūb Ibn-Isḥāq Ibn-al-Quff, | |
| 942 | |2 lcc |c BK | ||
| 999 | |c 58356 |d 58356 | ||
